Les chansons de Damso - Mort subite - Statistiques

Statistiques générales
  • Ce quiz a été pris 1 678 fois
    1 551 depuis la dernière actualisation
  • Le résultat moyen est 8 sur 9
Answers on the Grid
Answers color-coded by a green-red scale on the quiz's grid according to % correct below.
Autotune
Mosaïque solitaire
Amnésie
∆.Dieu ne ment jamais
MOROSE
Macarena
Feu de bois
E.Signaler
J'allume
Intro
Goal
NOSTALGIE
Magie
Ma Réalité
Seul
Mélancolie
 
Statistiques - réponses
Réponse % Correct
∆.Dieu ne ment jamais
94%
Macarena
94%
Feu de bois
92%
Amnésie
91%
E.Signaler
90%
Mosaïque solitaire
88%
MOROSE
87%
Autotune
82%
Intro
49%
Aucun quiz correspondant
Distribution des résultats
% des personnes avec chaque résultat
Percentile par nombre de réponses
Votre historique - résultats
Vous n’avez pas pris ce quiz depuis la dernière actualisation